Pokémon by Type Combinations #9 - Statistics

General Stats
  • This quiz has been taken 80 times
  • The average score is 18 of 26
Answer Stats
Hint Answer % Correct
Fire/Flying Charizard
94%
Fire/Flying Moltres
90%
Water/Ice Lapras
89%
Water/Ice Dewgong
86%
Bug/Fighting Heracross
86%
Ground/Electric Stunfisk
86%
Steel/Dragon Dialga
84%
Water/Ice Cloyster
81%
Water/Ice Walrein
81%
Grass/Dark Shiftry
79%
Fire/Flying Talonflame
78%
Steel/Dragon Archaludon
71%
Bug/Fighting Buzzwole
70%
Grass/Dark Cacturne
65%
Grass/Dark Meowscarada
63%
Ground/Electric Sandy Shocks
63%
Fire/Flying Ho-Oh
62%
Bug/Fighting Pheromosa
60%
Steel/Dragon Hisuian Goodra
57%
Grass/Dark Wo-Chien
57%
Grass/Dark Brute Bonnet
56%
Bug/Fighting Slither Wing
52%
Grass/Dark Zarude
52%
Water/Ice Iron Bundle
48%
Fire/Flying Oricorio (Baile)
40%
Water/Ice Arctovish
38%
No matching quizzes found
Score Distribution
Percent of People with Each Score
Percentile by Number Answered
Your Score History
You have not taken this quiz